000 00316nam a22001337a 4500
008 171019b xxu||||| |||| 00| 0 eng d
020 _a9780471950943
041 _aeng
080 _a338
100 _a53
101 _aMEN
245 _aSYSTEMS DECISION MAKING A MANAGEMENT SCIENCE
_cHANS.D.G
942 _2udc
_cBK
999 _c34944
_d34944